000 00692nam a2200157 i 4500
001 62362
003 ES-MaACL
005 20230906164643.0
007 t|
008 031120q1905 sp ||||1| spa d
100 1 _aFeliu y Vegués, Francisco.
_949207
245 1 0 _aAlgunos trabajos matemáticos de D. Francisco Feliu y Vegués /
_cEdición publicada por sus discípulos.
260 _aBarcelona :
_bSeix Barral,
_c[1905]
505 8 _aContiene: I: Resumen histórico de las matemáticas. -- II: Teoría de las probabilidades. -- III: Memoria sobre las fuerzas centrales. -- IV: Expresiones imaginarias. -- V: Cálculo del interés. -- vi: Tiempo : su medida
852 _aES-MaACL
_jT-1161-F-1
999 _c62362
_d62362